MARC
| LEADER | 00000nam a2200000Ia 4500 | ||
|---|---|---|---|
| 008 | 170316s9999 xx 000 0 und d | ||
| 090 | |a 100 H-15e | ||
| 100 | |a Heisenberg, Werner | ||
| 245 | |a Einführung in die einheitliche Feldtheorie der elementar teilchen | ||
| 260 | |a Stuttgart, Alemania | ||
| 260 | |b Hirzel | ||
| 260 | |c 1967 | ||
| 300 | |a 176 páginas | ||
| 650 | |a FILOSOFÍA | ||
| 999 | |c 16448 |d 16448 | ||
| 040 | |a cru BVZT | ||
| 942 | |c 15 D |h 100 H-15e |2 z | ||
